| 000 | 00425cam a2200181ua 4500 | ||
|---|---|---|---|
| 020 | _c30.00 | ||
| 041 |
_aeng _h |
||
| 082 |
_a533.62 _bPIE/AE |
||
| 100 | _aPiercy, N.A.U . | ||
| 245 |
_aAerodynamics / _cN.A.U.Piercy. _hTextual Documents |
||
| 250 |
_a2 / _b. |
||
| 260 |
_a : _bEnglish Universities Press , _c1955. |
||
| 300 | _a536 ; . | ||
| 365 | _a30.00 | ||
| 504 | _a | ||
| 942 | _cBK | ||
| 999 |
_c1462 _d1462 |
||